Кн. 2: Практические разработки; Компьютерное моделирование в автоматизации производства асфальтобетонной смеси

Λεπτομέρειες βιβλιογραφικής εγγραφής
Parent link:Компьютерное моделирование в автоматизации производства асфальтобетонной смеси: в 2 кн./ Российская инженерная академия; Московский автомобильно-дорожный институт (Государственный технический университет) (МАДИ-ГТУ). Кн. 2: Практические разработки.— , 2008
Άλλοι συγγραφείς: Воробьев В. А. Владимир Александрович, Суворов Д. Н. Дмитрий Наумович, Котлярский Э. В. Эдуард Владимирович, Доценко А. И. Анатолий Иванович, Попов В. П. Валерий Петрович
Περίληψη:В книге рассмотрено управление производством асфальтобетонной смеси. Основное внимание уделено проблеме автоматизации оперативного управления качеством асфальтобетонной смеси в условиях естественной вариации характеристик качества исходных материалов и режимов технологического процесса. При этом обеспечивается компенсация влияния процессов транспортировки, укладки и уплотнения на свойства смеси. Рассматриваются вопросы синтеза и анализа имитационных моделей и их использование для решения задач управления. Книга представляет интерес для специалистов в области автоматизации строительного производства, студентов и аспирантов строительных специальностей, а также для работников заводов по производству асфальтобетонной смеси.
Γλώσσα:Ρωσικά
Έκδοση: 2009
Θέματα:
Μορφή: MixedMaterials Βιβλίο
KOHA link:https://koha.lib.tpu.ru/cgi-bin/koha/opac-detail.pl?biblionumber=162578

MARC

LEADER 00000nam2a2200000 4500
001 162578
005 20231101222330.0
010 |a 9785910881246 
035 |a (RuTPU)RU\TPU\book\176327 
090 |a 162578 
100 |a 20090624d2009 km y0rusy50 ca 
101 0 |a rus 
102 |a RU 
105 |a a z 001zy 
200 0 |a Кн. 2: Практические разработки  |f В. А. Воробьев [и др.] 
210 |d 2009 
215 |a 732 с.  |c ил. 
320 |a Библиогр.: с. 681-705. 
330 |a В книге рассмотрено управление производством асфальтобетонной смеси. Основное внимание уделено проблеме автоматизации оперативного управления качеством асфальтобетонной смеси в условиях естественной вариации характеристик качества исходных материалов и режимов технологического процесса. При этом обеспечивается компенсация влияния процессов транспортировки, укладки и уплотнения на свойства смеси. Рассматриваются вопросы синтеза и анализа имитационных моделей и их использование для решения задач управления. Книга представляет интерес для специалистов в области автоматизации строительного производства, студентов и аспирантов строительных специальностей, а также для работников заводов по производству асфальтобетонной смеси. 
461 1 |0 (RuTPU)RU\TPU\book\176798  |t Компьютерное моделирование в автоматизации производства асфальтобетонной смеси  |o в 2 кн.  |f Российская инженерная академия; Московский автомобильно-дорожный институт (Государственный технический университет) (МАДИ-ГТУ)  |v Кн. 2: Практические разработки  |d 2008 
606 1 |a Асфальтобетонные заводы  |x Автоматизация  |2 stltpush  |3 (RuTPU)RU\TPU\subj\34398  |9 56355 
610 1 |a асфальтобетонные смеси 
610 1 |a производство 
610 1 |a классификация 
610 1 |a приготовление 
610 1 |a материалы 
610 1 |a структура 
610 1 |a проектирование 
610 1 |a технологические этапы 
610 1 |a дорожные покрытия 
610 1 |a асфальтобетонные слои 
610 1 |a структурообразование 
610 1 |a контроль 
610 1 |a системы управления 
610 1 |a информационное обеспечение 
610 1 |a оптимизация 
610 1 |a управляемые процессы 
610 1 |a имитационные модели 
610 1 |a технологические процессы 
610 1 |a распределенные системы 
610 1 |a базы данных 
610 1 |a данные 
610 1 |a комплексная автоматизация 
610 1 |a транспортировка 
610 1 |a укладка 
610 1 |a уплотнение 
675 |a 665.775.4  |v 3 
701 1 |a Воробьев  |b В. А.  |g Владимир Александрович 
701 1 |a Суворов  |b Д. Н.  |g Дмитрий Наумович 
701 1 |a Котлярский  |b Э. В.  |g Эдуард Владимирович 
701 1 |a Доценко  |b А. И.  |g Анатолий Иванович 
701 1 |a Попов  |b В. П.  |g Валерий Петрович 
801 1 |a RU  |b 63413507  |c 20090624  |g PSBO 
801 2 |a RU  |b 63413507  |c 20150729  |g PSBO 
900 |a Компьютерное моделирование 
942 |c BK